| 000 | 01564 a2200169 4500 | ||
|---|---|---|---|
| 003 | Nust | ||
| 005 | 20230316124711.0 | ||
| 040 | _cNust | ||
| 082 | _a355.009, FUL | ||
| 100 |
_aFuller J. F. .C _937121 |
||
| 245 |
_aDecisive Battles of the Western World _cJ.F.C Fulleer |
||
| 260 |
_aLondon _bEyre & Spottiswoode |
||
| 300 | _a601:p | ||
| 505 | _aThe Industrial Revolution and The Rise of American Imperialism (Page-1),The Seven Days Battle ,1862) (Page-12), Progress of the American Civil War, 1862-1863 (Page-48), The Siege of Vicks burg and the Battle of Chattanooga ,1863)(Page-53), The Expansion of Prussia (Page-90), The Battle of Sedan , 1870 (Page-99), The Rise of Japanese Imperialism and the Ex-Pension of Russia in the Far East (Page-136), The Siege of Port Arthur , 1904-1905 (Page-142), The Foundation of the First World War (Page-171), The Battles Of the Marne and Tannenberg,1914(Page-182), Tactical Stalemate and Change of Objectives (Page-229), The Battles of Sari Bair and Suvla Bay , 1915 (Page-233), Progress of the War , 1915-1918 (Page-265), The Struggle Between Italy and Austria (Page-300), The Russian Revolution (Page-331), The Rise of The Third Reich and the Origins of the Second World War(Page-364), The Battles for Moscow (Page-420), The Battle of Midway Island , 1942 (Page-460), The battles of El Alamein , 1942-and Tunis,1943 (Page-484), The Battle of Stalingrad, 1942-1943 (Page-524), The Battle of Normandy ,1944 (Page-553), The Battle for Leyte Gulf,1944(Page-579). | ||
| 650 |
_aDecisive Battles _9110429 |
||
| 942 |
_2ddc _cBK |
||
| 999 |
_c185088 _d185088 |
||